[Event "WLS-ch Minor 64th"]
[Site "Cardiff"]
[Date "2018.03.31"]
[Round "3"]
[White "Jones, Hefin"]
[Black "Davies, Gareth"]
[Result "1-0"]
[WhiteElo "1320"]
[BlackElo "1342"]
[PlyCount "53"]
[EventDate "2018.03.30"]
[EventType "swiss"]
[EventRounds "7"]
[EventCountry "WLS"]
[SourceTitle "EXT 2021"]
[Source "ChessBase"]
[SourceDate "2020.10.23"]
[SourceVersion "1"]
[SourceVersionDate "2020.10.23"]
[SourceQuality "1"]

1. e4 Nf6 2. d3 Nc6 3. Nf3 d5 4. e5 Nd7 5. e6 fxe6 6. Ng5 Nf6 7. b3 e5 8. c3 Bf5 9. Be2 Qd7 10. Bb2 h6 11. Nf3 e6 12. b4 a6 13. Qa4 b5 14. Qd1 Bd6 15. Nh4 Bh7 16. a4 0-0 17. Nd2 e4 18. dxe4 Nxe4 19. 0-0 Ne5 20. f4 Nxd2 21. Qxd2 Nc4 22. Bxc4 bxc4 23. Rae1 c6 24. Re3 Rae8 25. Rg3 Rf6 26. Qd4 Qc7 27. Qxf6 1-0

[Event "WLS-ch Minor 64th"]
[Site "Cardiff"]
[Date "2018.03.30"]
[Round "1"]
[White "Jones, Hefin"]
[Black "Smith, Alun"]
[Result "0-1"]
[WhiteElo "1320"]
[BlackElo "1563"]
[PlyCount "126"]
[EventDate "2018.03.30"]
[EventType "swiss"]
[EventRounds "7"]
[EventCountry "WLS"]
[SourceTitle "EXT 2021"]
[Source "ChessBase"]
[SourceDate "2020.10.23"]
[SourceVersion "1"]
[SourceVersionDate "2020.10.23"]
[SourceQuality "1"]

1. Nf3 e6 2. d4 d5 3. Bd2 c5 4. e3 Qb6 5. Bc3 Nc6 6. a3 Nf6 7. Nbd2 Be7 8. Be2 0-0 9. dxc5 Qxc5 10. Bd3 Bd7 11. Nd4 a6 12. Nxc6 Qxc6 13. Nf3 Qc7 14. Ng5 h6 15. Bxf6 Bxf6 16. Nh7 Bxb2 17. 0-0 Bxa1 18. Qxa1 Rfc8 19. Nf6+ Kh8 20. Nh5 Qc3 21. Qd1 e5 22. Qf3 Be6 23. Qg3 e4 24. Be2 Rg8 25. Nf4 Qxa3 26. c4 dxc4 27. Nxe6 fxe6 28. Bxc4 Rge8 29. Qe5 b5 30. Ra1 Qe7 31. Be2 Qf6 32. Qxf6 gxf6 33. f3 exf3 34. Bxf3 Ra7 35. Bc6 Ree7 36. Kf2 Kg7 37. h4 Rec7 38. Be8 b4 39. Rb1 a5 40. Ba4 Rc3 41. Kf3 Rb7 42. Bb3 e5 43. Ke4 Rd7 44. Bd5 Rxe3+ 45. Kxe3 Rxd5 46. Ke4 Rd4+ 47. Kf5 Rxh4 48. Ra1 Rf4+ 49. Ke6 b3 50. Rxa5 Rb4 51. Kf5 Rb7 52. Ra1 b2 53. Rb1 h5 54. g3 Rb6 55. Ke4 Kg6 56. Kd3 Kg5 57. Ke3 f5 58. Kf3 e4+ 59. Ke3 Kg4 60. Kf2 Rb3 61. Ke2 Kxg3 62. Rc1 bxc1N+ 63. Kf1 Rb2 0-1